Statistics for 1980s Celebrities by Picture #1

Click here to take the quiz!

General Stats

  • This quiz has been taken 17,585 times
    (10,457 since last reset)
  • The average score is 14 of 20

Answer Stats

Answer % Correct
Madonna
92%
Margaret Thatcher
89%
Bruce Willis
87%
Sylvester Stallone
84%
Michael J. Fox
82%
John Paul II
77%
Patrick Swayze
75%
Mikhail Gorbachev
74%
Sigourney Weaver
70%
Steve Martin
70%
Christopher Reeve
69%
Andre the Giant
69%
Bette Midler
68%
Bruce Springsteen
67%
Nancy Reagan
61%
Paula Abdul
60%
Jesse Jackson
49%
John Stamos
44%
George Burns
39%
Howie Mandel
30%

Score Distribution

Percentile by Number Answered

Percent of People with Each Score

Your Score History

You have not taken this quiz since the last reset